Népkönyvtárak és a népművelés

Elmentve itt :
Bibliográfiai részletek
Szerző: Nagy György
Dokumentumtípus: Cikk
Megjelent: 1918
Sorozat:Magyar pedagógia : a Magyar Tudományos Akadémia Pedagógiai Bizottságának folyóirata 27
Kulcsszavak:Népművelés Magyarország 20. sz., Könyvtárügy Magyarország, Népművelés
Online Access:http://misc.bibl.u-szeged.hu/9957
LEADER 00705nab a2200181 i 4500
001 misc9957
005 20191106143358.0
008 170607s1918 hu o 0|| hun d
022 |a 0025-0260 
040 |a SZTE Miscellanea Repozitórium  |b hun 
041 |a hun 
100 1 |a Nagy György 
245 1 0 |a Népkönyvtárak és a népművelés  |h [elektronikus dokumentum] /  |c  Nagy György 
260 |c 1918 
300 |a 551-553 
490 0 |a Magyar pedagógia : a Magyar Tudományos Akadémia Pedagógiai Bizottságának folyóirata  |v 27 
695 |a Népművelés Magyarország 20. sz., Könyvtárügy Magyarország, Népművelés 
856 4 0 |u http://misc.bibl.u-szeged.hu/9957/1/mp_1918_2682_551-553.pdf  |z Dokumentum-elérés